| 000 | 00539nam a22001937a 4500 | ||
|---|---|---|---|
| 003 | CEME | ||
| 005 | 20210628202523.0 | ||
| 008 | 210121b xxu||||| |||| 00| 0 eng d | ||
| 020 | _a81-297-0042-5 | ||
| 040 | _cceme | ||
| 082 | _a005.8 PFL | ||
| 100 |
_aPfleeger, Charles . P ,Pfleeger , Shari. Lawrence _960300 |
||
| 245 | _a Security in computing | ||
| 250 | _a3RD | ||
| 260 |
_aNEW DELHI _bPEARSON EDUCATION ASIA _c2003 |
||
| 300 | _a740P | ||
| 650 |
_aPRIVACY RIGHT. DATA PROTECTION. COMPUTER SECURITY _960301 |
||
| 942 |
_cBK _2ddc |
||
| 999 |
_c570062 _d570062 |
||